Law lords avert a major disaster for secretary of state (Record no. 67161)
[ view plain ]
| 000 -LEADER | |
|---|---|
| fixed length control field | 01721cam a2200253 4500 |
| 001 - CONTROL NUMBER | |
| control field | ABS64030 |
| 008 - FIXED-LENGTH DATA ELEMENTS--GENERAL INFORMATION | |
| fixed length control field | 000000n2001 000 0 eng u |
| 035 ## - SYSTEM CONTROL NUMBER | |
| System control number | (Sirsi) u112816 |
| 100 ## - MAIN ENTRY--PERSONAL NAME | |
| Personal name | Dewar, D |
| 245 ## - TITLE STATEMENT | |
| Title | Law lords avert a major disaster for secretary of state |
| 260 ## - PUBLICATION, DISTRIBUTION, ETC. | |
| Date of publication, distribution, etc. | 2001 |
| 490 ## - SERIES STATEMENT | |
| Series statement | Planning (for the Natural and Built Environment) |
| Volume/sequential designation | (1419) 18 May 2001, 10-11(2) |
| 520 ## - SUMMARY, ETC. | |
| Summary, etc. | Considers the recent HL ruling in the "Alconbury" case that found no incompatibility between the SoS's planning decision powers and the European Convention on Human Rights Article 6. The justification for allowing the SoS to continue making both policy and planning application decisions included the following points: the SoS exercises an administrative rather than judicial function and is accountable to the electorate for his policy; planning inspectors act as safeguards, offering SoS advice on planning decisions which is usually accepted; substituting the SoS with an independent body would be chaotic and undemocratic. Presents contrasting views from planning experts on the decision, and suggests the government will face continued pressure to reform the present system. |
| 590 ## - LOCAL NOTE (RLIN) | |
| Local note | ABS |
| 650 ## - SUBJECT ADDED ENTRY--TOPICAL TERM | |
| Topical term or geographic name entry element | HUMAN RIGHTS ACT 1998 |
| 650 ## - SUBJECT ADDED ENTRY--TOPICAL TERM | |
| Topical term or geographic name entry element | PLANNING SYSTEM |
| 650 ## - SUBJECT ADDED ENTRY--TOPICAL TERM | |
| Topical term or geographic name entry element | PLANNING APPEALS |
| 650 ## - SUBJECT ADDED ENTRY--TOPICAL TERM | |
| Topical term or geographic name entry element | PLANNING APPLICATIONS |
| 650 ## - SUBJECT ADDED ENTRY--TOPICAL TERM | |
| Topical term or geographic name entry element | CONVENTION FOR THE PROTECTION OF HUMAN RIGHTS AND FUNDAMENTAL FREEDOMS ART 6 |
| 650 ## - SUBJECT ADDED ENTRY--TOPICAL TERM | |
| Topical term or geographic name entry element | R V SOS ENVIRONMENT, TRANSPORT AND THE REGIONS EX P ALCONBURY DEVELOPMENTS |
| 690 ## - LOCAL SUBJECT ADDED ENTRY--TOPICAL TERM (OCLC, RLIN) | |
| Topical term or geographic name as entry element | ENVIRONMENTAL AND LAND CONSULTANCY-PLANNING AND DEVELOPMENT |
| 856 ## - ELECTRONIC LOCATION AND ACCESS | |
| Uniform Resource Identifier | <a href="https://www.parliament.the-stationery-office.co.uk/pa/ld200001/ldjudgmt/jd010509/alcon-1.htm">https://www.parliament.the-stationery-office.co.uk/pa/ld200001/ldjudgmt/jd010509/alcon-1.htm</a> |
| 942 ## - ADDED ENTRY ELEMENTS (KOHA) | |
| Suppress in OPAC | 0 |
| Withdrawn status | Lost status | Source of classification or shelving scheme | Damaged status | Not for loan | Home library | Current library | Shelving location | Date acquired | Total Checkouts | Full call number | Barcode | Date last seen | Copy number | Price effective from | Koha item type |
|---|---|---|---|---|---|---|---|---|---|---|---|---|---|---|---|
| Dewey Decimal Classification | London | London | Journal article | 29/05/2001 | ABS64030 | 112816-1001 | 06/08/2019 | 1 | 06/08/2019 | Journal article |